<?xml version="1.0" encoding="UTF-8"?>
<marc:record xmlns:marc="http://www.loc.gov/MARC21/slim">
   <marc:leader>00000nam a2200000 a 4500</marc:leader>
   <marc:datafield ind1="1" ind2=" " tag="100">
      <marc:subfield code="a">Schott, Heinz</marc:subfield>
      <marc:subfield code="4">aut</marc:subfield>
      <marc:subfield code="e">Verfasser/-in</marc:subfield>
   </marc:datafield>
   <marc:datafield ind1="1" ind2=" " tag="100">
      <marc:subfield code="a">Tölle, Rainer</marc:subfield>
      <marc:subfield code="4">aut</marc:subfield>
      <marc:subfield code="e">Verfasser/-in</marc:subfield>
   </marc:datafield>
   <marc:datafield ind1=" " ind2=" " tag="653">
      <marc:subfield code="a">Psychiatrie</marc:subfield>
   </marc:datafield>
   <marc:datafield ind1=" " ind2=" " tag="653">
      <marc:subfield code="a">Psychiatrie / Geschichte</marc:subfield>
   </marc:datafield>
   <marc:datafield ind1="0" ind2="0" tag="245">
      <marc:subfield code="a">Geschichte der Psychiatrie</marc:subfield>
   </marc:datafield>
   <marc:datafield ind1="0" ind2="0" tag="245">
      <marc:subfield code="b">Krankheitslehren, Irrwege, Behandlungsformen</marc:subfield>
   </marc:datafield>
   <marc:datafield ind1="0" ind2="0" tag="245">
      <marc:subfield code="c">Heinz Schott ; Rainer Tölle</marc:subfield>
   </marc:datafield>
   <marc:datafield ind1=" " ind2="1" tag="264">
      <marc:subfield code="a">München</marc:subfield>
      <marc:subfield code="b">Beck</marc:subfield>
      <marc:subfield code="c">2006</marc:subfield>
   </marc:datafield>
   <marc:datafield ind1="1" ind2=" " tag="520">
      <marc:subfield code="a">Das vorliegende Buch ist Ergebnis der Zusammenarbeit eines Medizinhistorikers und eines klinischen Psychiaters. Entsprechend der wissenschaftlichen Herkunft seiner Autoren verbindet es somit die historische und die klinische Sicht auf seine Thematik. Die Perspektive des Medizinhistorikers rückt die Gegebenheiten der Psychiatrie in medizinhistorische Zusammenhänge, die von der Vergangenheit her auf die Gegenwart verweisen.#Die Perspektive des klinischen Psychiaters geht vom gegenwärtigen Panorama seines Faches aus und richtet sich auf historische Landschaften, die mit diesem in Beziehung stehen. So konnte von zwei Seiten her ein gemeinsames Bild entstehen, das die Welt des Klinikers mit der des Historikers zusammenbringt.</marc:subfield>
   </marc:datafield>
   <marc:datafield ind1=" " ind2=" " tag="020">
      <marc:subfield code="a">9783406535550</marc:subfield>
      <marc:subfield code="9">9783406535550</marc:subfield>
   </marc:datafield>
   <marc:datafield ind1=" " ind2=" " tag="500">
      <marc:subfield code="a">Literaturverz. S. 594 - 661</marc:subfield>
   </marc:datafield>
   <marc:datafield ind1=" " ind2=" " tag="300">
      <marc:subfield code="a">688 S.</marc:subfield>
   </marc:datafield>
</marc:record>
